Statistiques concernant Nommez cette noix, graine ou haricot - Quiz d'images

Cliquez ici pour prendre le quiz!

Statistiques générales

  • Ce quiz a été pris 105 fois
  • Le résultat moyen est 11 sur 16

Statistiques - réponses

Answer % Correct
pistache
99%
amande
96%
cacahuète
92%
noix de coco
91%
anacardier
89%
noix
87%
châtaigne
84%
noisette
81%
pois chiche
74%
graines de tournesol
72%
gland
71%
haricot rouge
64%
noix de pécan
50%
graine de citrouille
24%
noix du Brésil
18%
soja
10%

Distribution des résultats

Percentile par nombre de réponses

% des personnes avec chaque résultat

Votre développement - résultats

Vous n’avez pas pris ce quiz